000 00500nam a22001817a 4500
003 CEME
005 20210628202639.0
008 210127b xxu||||| |||| 00| 0 eng d
020 _a0-8031-0966-0
040 _c.
082 _a620.1623 DEG
100 _aDean, Sheldon W Lee, T.S
_960897
245 _a Degradation of metals in the atmosphere
260 _aUSA
_bASTM
_c1987
300 _a441P
650 _aCORROSION AND ANTI CORROSIVES CONGRESSES, METALS CONGRESSES
_960898
942 _cBK
_2ddc
999 _c570505
_d570505